000 00307nam a22001097a 4500
008 160510b xxu||||| |||| 00| 0 eng d
020 _a0683033743
041 _aeng
080 _a61
245 _aTHe sexual experience:
_cBenjamin J.Sadock M.D.; Harold I. Kaplan M.D.; Alfred M.Freedman M. D.
942 _2udc
_cBK
999 _c1997
_d1997